<?xml version="1.0" encoding="UTF-8"?><?xml-stylesheet type="text/xsl" href="static/style.xsl"?><OAI-PMH xmlns="http://www.openarchives.org/OAI/2.0/" xmlns:xsi="http://www.w3.org/2001/XMLSchema-instance" xsi:schemaLocation="http://www.openarchives.org/OAI/2.0/ http://www.openarchives.org/OAI/2.0/OAI-PMH.xsd"><responseDate>2026-04-13T02:16:06Z</responseDate><request verb="GetRecord" identifier="oai:www.recercat.cat:2445/166014" metadataPrefix="marc">https://recercat.cat/oai/request</request><GetRecord><record><header><identifier>oai:recercat.cat:2445/166014</identifier><datestamp>2025-12-10T00:15:15Z</datestamp><setSpec>com_2072_1057</setSpec><setSpec>col_2072_478789</setSpec><setSpec>col_2072_478917</setSpec></header><metadata><record xmlns="http://www.loc.gov/MARC21/slim" xmlns:dcterms="http://purl.org/dc/terms/" xmlns:xsi="http://www.w3.org/2001/XMLSchema-instance" xmlns:doc="http://www.lyncode.com/xoai" xsi:schemaLocation="http://www.loc.gov/MARC21/slim http://www.loc.gov/standards/marcxml/schema/MARC21slim.xsd">
   <leader>00925njm 22002777a 4500</leader>
   <datafield ind2=" " ind1=" " tag="042">
      <subfield code="a">dc</subfield>
   </datafield>
   <datafield ind2=" " ind1=" " tag="720">
      <subfield code="a">Rodríguez Segura, Joan</subfield>
      <subfield code="e">author</subfield>
   </datafield>
   <datafield ind2=" " ind1=" " tag="260">
      <subfield code="c">2020-06-17T11:50:18Z</subfield>
   </datafield>
   <datafield ind2=" " ind1=" " tag="260">
      <subfield code="c">2020-06-17T11:50:18Z</subfield>
   </datafield>
   <datafield ind2=" " ind1=" " tag="260">
      <subfield code="c">2020</subfield>
   </datafield>
   <datafield ind2=" " ind1=" " tag="520">
      <subfield code="a">El libro completo recoge las contribuciones que colegas y discípulos dedican a José Remesal con motivo de su jubilación como catedrático de Historia Antigua de la Universidad de Barcelona. El contenido es, forzosamente, heterogéneo dada la cantidad de participantes y la diversidad de campos de conocimiento que abarca: de la historia del Próximo Oriente a la antigüedad tardía, de la historia económica a la social, pasando por las instituciones y el derecho. Este hecho refleja la amplitud del magisterio del profesor Remesal, cuyos discípulos trabajan en ámbitos de investigación muy diferentes.</subfield>
   </datafield>
   <datafield ind2=" " ind1=" " tag="520">
      <subfield code="a">El curso académico 2011 – 2012 me encontraba en segundo año del grado&#xd;
de Historia en la Universidad de Barcelona. Ese año, como asignatura de&#xd;
formación obligatoria, cursé “Epigrafía i Numismática” con el Prof. Lluís Pons&#xd;
Pujol el cual, en una lección sobre epigrafía anfórica, nos habló de la existencia&#xd;
del CEIPAC y de su director, el Prof. José Remesal Rodríguez. Enseguida me&#xd;
interesé, por la labor investigadora del CEIPAC y por la trayectoria del Prof.&#xd;
Remesal llevándome a leer, el discurso que pronunció el día de su ingreso&#xd;
como académico de número en la Real Academia de la Historia y el libro sobre&#xd;
la Annona militaris; dos obras que resumen, en una minúscula parte, la tarea&#xd;
que el Prof. Remesal ha desarrollado a lo largo de su vida académica...</subfield>
   </datafield>
   <datafield tag="653" ind2=" " ind1=" ">
      <subfield code="a">Història antiga</subfield>
   </datafield>
   <datafield tag="653" ind2=" " ind1=" ">
      <subfield code="a">Arqueologia</subfield>
   </datafield>
   <datafield tag="653" ind2=" " ind1=" ">
      <subfield code="a">Homenatges</subfield>
   </datafield>
   <datafield tag="653" ind2=" " ind1=" ">
      <subfield code="a">Ancient history</subfield>
   </datafield>
   <datafield tag="653" ind2=" " ind1=" ">
      <subfield code="a">Archaeology</subfield>
   </datafield>
   <datafield tag="653" ind2=" " ind1=" ">
      <subfield code="a">Festschriften</subfield>
   </datafield>
   <datafield tag="653" ind2=" " ind1=" ">
      <subfield code="a">Remesal Rodríguez, José</subfield>
   </datafield>
   <datafield ind2="0" ind1="0" tag="245">
      <subfield code="a">Dos sellos inéditos sobre Dressel 20 del Museo Nazionale Atestino (Este, Véneto, Italia)</subfield>
   </datafield>
</record></metadata></record></GetRecord></OAI-PMH>